000 004630000a22001810004500
020 _a0-8297-0398-5
041 0 _aSPA
082 0 4 _aG 262.9 W5821r
100 1 _aWhite, John (1924-)
245 1 0 _aRestauración de los heridos / John White , Ken Blue
260 _aMiami, FL., USA : Vida
300 _a256 Pag
001 7193
942 _cBK
999 _c37417
_d37417
336 _atexto
_btxt
_2rdacontent
337 _2rdamedia
_asin mediación
_bn
338 _2rdacarrier
_avolumen
_bnc